[Event "It (open)"]
[Site "Boblingen (Germany)"]
[Round "0"]
[White "Schenk Andreas (GER)"]
[Black "Hillgaertner Walter (GER)"]
[Result "1-0"]
[WhiteElo "2241"]
[BlackElo "2096"]

1.d4 d6 2.Bg5 c6 3.Nc3 Nd7 4.e4 Qb6 5.Qd2 Qxb2 6.Rb1 Qa3 7.f4 g6 8.Nf3 Bg7
9.Bd3 Qa5 10.O-O Qc7 11.e5 d5 12.f5 Nf8 13.g4 h5 14.Nh4 hxg4 15.fxg6 f6
16.exf6 exf6 17.Bf4 Qd8 18.Rfe1+ Ne6 19.Nf5 Kf8 20.Bd6+ {#r} 1-0

[Event "Ch Poland (team) (2nd liga)"]
[Site "Polanica Zdroj (Poland)"]
[Round "1"]
[White "Kowzan Piotr (POL)"]
[Black "Tusk Kazimierz (POL)"]
[Result "0-1"]
[WhiteElo "2110"]
[BlackElo "2070"]

1.d4 d6 2.g3 g6 3.Bg2 Bg7 4.Nf3 Nf6 5.O-O c6 6.c4 Qc7 7.Nc3 O-O 8.Qc2 Nbd7
9.b3 Re8 10.Rd1 Rb8 11.c5 Nd5 12.cxd6 Qxd6 13.Nxd5 Qxd5 14.Ng5 Qb5 15.e4 h6
16.Bf1 Qb6 17.Nf3 Nf6 18.Ne5 Be6 19.h3 Rbd8 20.Be3 Qc5 {#R} 0-1

[Event "Ch Greece (w)"]
[Site "Athens (Greece)"]
[Round "5"]
[White "Papadopoulou Triantafilia (GRE)"]
[Black "Giaidzi Aspasia (GRE)"]
[Result "1-0"]
[WhiteElo "2191"]
[BlackElo "2070"]

1.d4 d6 2.Nf3 g6 3.c3 Bg7 4.Bg5 c6 5.e4 Qc7 6.Nbd2 e5 7.dxe5 dxe5 8.Nc4 Bf8
9.Ncxe5 f6 10.Bf4 Qe7 11.Nd3 Qxe4+ 12.Be2 Be6 13.O-O Na6 14.Nd4 Bc4 15.Re1 Kf7
16.Ne5+ {#r} 1-0

[Event "It (open)"]
[Site "Turku (Finland)"]
[Round "2"]
[White "Jarvela Jari (FIN)"]
[Black "Lehtinen Heikki (FIN)"]
[Result "1-0"]
[WhiteElo "2138"]
[BlackElo "2224"]

1.d4 d6 2.Bg5 g6 3.e4 Bg7 4.Bc4 Nd7 5.Nc3 Ngf6 6.Nf3 e5 7.dxe5 dxe5 8.Qd2 O-O
9.O-O-O Qe7 10.h4 Nb6 11.Bb3 a5 12.h5 a4 13.Nd5 Nbxd5 14.Bxd5 c6 15.hxg6 cxd5
16.Rxh7 fxg6 17.Rxg7+ Qxg7 18.Bh6 Qe7 19.Qg5 Rf7 20.Nxe5 Rg7 21.Nxg6 Qf7
22.Bxg7 Qxg7 23.Rh1 Kf7 24.Ne5+ Kg8 25.Ng6 Kf7 26.Rh6 Ng8 27.Nh8+ Kf8 28.Qd8#
1-0

[Event "Bayern Regionalliga Southwest"]
[Site "Germany"]
[Round "2"]
[White "Bucan Djordje"]
[Black "Geyer Thomas (GER)"]
[Result "1-0"]
[WhiteElo "2150"]
[BlackElo "2240"]

1.d4 d6 2.Nf3 Bg4 3.Nbd2 Nd7 4.g3 Ngf6 5.c3 c6 6.Bg2 e6 7.O-O d5 8.Re1 Bd6
9.c4 Rc8 10.Qb3 b6 11.cxd5 cxd5 12.Qa4 Bb8 13.Ne5 Bf5 14.Nc6 Qc7 15.Nxb8 Qxb8
16.Qa3 b5 17.Qb4 Bc2 18.b3 a5 19.Qxa5 O-O 20.Ba3 Rfe8 21.e3 Qb7 22.Bf1 Rb8
23.Bd6 Qb6 24.Qb4 Rb7 25.Rec1 Ne4 26.Bc5 {#r} 1-0

[Event "Ch Poland (team) (2nd liga)"]
[Site "Polanica Zdroj (Poland)"]
[Round "1"]
[White "Litwin Jozef (POL)"]
[Black "Mikhaletz Lubomir (UKR)"]
[Result "0-1"]
[WhiteElo "2232"]
[BlackElo "2461"]

1.d4 d6 2.Nf3 Bg4 3.c4 Nd7 4.Nc3 Bxf3 5.exf3 g6 6.Be3 Bg7 7.Qd2 Ngf6 8.Be2 O-O
9.g4 e5 10.d5 Qe7 11.h4 a5 12.h5 Nc5 13.O-O-O a4 14.Bh6 Rfe8 15.Bxg7 Kxg7
16.hxg6 fxg6 17.Qh6+ Kg8 18.Bd3 Qg7 19.Qxg7+ Kxg7 20.Bc2 Rf8 {#R} 0-1

[Event "It (open)"]
[Site "Cappelle la Grande (France)"]
[Round "8"]
[White "Voiska Margarita (BUL)"]
[Black "Mikhaletz Lubomir (UKR)"]
[Result "0-1"]
[WhiteElo "2369"]
[BlackElo "2461"]

1.d4 d6 2.Nf3 Bg4 3.e3 Nd7 4.Be2 Ngf6 5.c4 e5 6.Nc3 c6 7.h3 Bh5 8.d5 Be7 9.Nd2
Bg6 10.O-O e4 11.Qc2 Rc8 12.dxc6 bxc6 13.b4 O-O 14.Rd1 Ne5 15.Nb3 d5 16.c5
Nf3+ 17.gxf3 exf3 18.Bd3 Qd7 19.Kf1 Qxh3+ 20.Ke1 Ng4 21.Bxg6 fxg6 22.Qd3 Nxf2
23.Qf1 Qg2 24.Rd4 Nd3+ {#R} 0-1

[Event "It (open)"]
[Site "Pardubice (Czech Republic)"]
[Round "5"]
[White "Rogozenko Dorian (ROM)"]
[Black "Ahmed Ehab (EGY)"]
[Result "1-0"]
[WhiteElo "2576"]
[BlackElo "2269"]

1.d4 d6 2.Nf3 Bg4 3.e3 Nd7 4.c4 e5 5.Nc3 Ngf6 6.Be2 c6 7.O-O Qb6 8.h3 Bh5
9.Nxe5 dxe5 10.Bxh5 Bb4 11.c5 Qa5 12.Bd2 exd4 13.exd4 O-O 14.Bf3 Rfd8 15.Qc2
h6 16.Rfe1 Nf8 17.a3 Bxc3 18.bxc3 Ne6 19.Bxh6 Nxd4 20.cxd4 gxh6 21.Qf5 Kg7
22.Re7 Re8 23.Rxb7 Qa6 24.Rxf7+ {#r} 1-0

[Event "It (sheveningen)"]
[Site "Yangon (Myanmar)"]
[Round "9"]
[White "Win Zaw Tun (MYA)"]
[Black "Mas Hafizulhelmi (MAS)"]
[Result "0-1"]
[WhiteElo "2353"]
[BlackElo "2426"]

1.d4 d6 2.Nf3 Bg4 3.e4 Nd7 4.Bc4 e6 5.Nc3 a6 6.a4 c5 7.dxc5 Nxc5 8.O-O Rc8
9.Qe2 Qf6 10.Qe3 Bxf3 11.gxf3 Ne7 12.Be2 Nc6 13.f4 g6 14.Bd2 Bh6 15.Qh3 Bg7
16.b4 Nxb4 17.Nb5 axb5 18.Bxb4 O-O 19.Bxc5 Rxc5 20.Bxb5 Qxf4 21.Ra3 Qxe4
22.Rg3 Qxc2 23.Bd3 Qd2 24.Rb1 Rc1+ 25.Rxc1 Qxc1+ 26.Kg2 Qc6+ {#R} 0-1

[Event "It (open)"]
[Site "Eger (Hungary)"]
[Round "0"]
[White "Pesztericz Laszlo (HUN)"]
[Black "Srebrnic Vojko (SLO)"]
[Result "0-1"]
[WhiteElo "2215"]
[BlackElo "2262"]

1.d4 d6 2.c4 e5 3.Nf3 e4 4.Ng5 f5 5.g3 Nf6 6.Bg2 h6 7.Nh3 Be6 8.b3 g5 9.O-O
Bg7 10.f3 O-O 11.fxe4 Nxe4 12.Bb2 c6 13.Nd2 d5 14.Rc1 Nd7 15.Nf2 Nxf2 16.Rxf2
Nf6 17.h3 Qe7 18.cxd5 Bxd5 19.Rxf5 Qe3+ 20.Kh1 Bxg2+ 21.Kxg2 Nd5 22.Rf1 Rae8
23.Qe1 Qxe2+ 24.Kg1 Rxf1+ {#R} 0-1

[Event "Cup Russia (open)"]
[Site "Moscow (Russia)"]
[Round "7"]
[White "Matveeva Svetlana (RUS)"]
[Black "Guseinov Gadir (AZE)"]
[Result "1-0"]
[WhiteElo "2411"]
[BlackElo "2326"]

1.d4 d6 2.Nf3 Bg4 3.c4 Nd7 4.Qb3 Rb8 5.Be3 c6 6.Nc3 b5 7.cxb5 cxb5 8.Ng5 Bh5
9.g4 Bg6 10.h4 h6 11.h5 {#r} 1-0

[Event "Ch Russia"]
[Site "Moscow (Russia)"]
[Round "1"]
[White "Fominyh Alexander (RUS)"]
[Black "Gelman Alexander (RUS)"]
[Result "1-0"]
[WhiteElo "2552"]
[BlackElo "2469"]

1.d4 d6 2.g3 g6 3.Bg2 Bg7 4.Nf3 Nd7 5.O-O e5 6.c4 Ne7 7.e4 O-O 8.Nc3 exd4
9.Nxd4 Nc6 10.Nde2 a5 11.Be3 Nde5 12.b3 f5 13.exf5 Bxf5 14.h3 Nb4 15.Nd4 Bd7
16.a3 Na6 17.Ra2 Kh8 18.Rd2 Nc5 19.f4 Nc6 20.Ndb5 Rf7 21.Nd5 Rc8 22.Ndxc7 {#r}
1-0

[Event "It (open) "]
[Site "Techirghiol (Romania)"]
[Round "0"]
[White "Anghelus Marius-Traian (ROM)"]
[Black "Grechanovskaya Elena (UKR)"]
[Result "0-1"]
[WhiteElo "2012"]
[BlackElo "2229"]

1.d4 d6 2.c4 e5 3.d5 f5 4.Nc3 Nf6 5.f3 Be7 6.Bg5 Nxd5 7.Bxe7 Nxe7 8.e4 Nbc6
9.a3 O-O 10.Bd3 Nd4 11.Nge2 fxe4 12.Bxe4 Nef5 13.h4 Ne3 14.Qb1 h6 15.Nxd4 exd4
16.Ne2 Qf6 17.g4 Bxg4 18.fxg4 Qf2+ 19.Kd2 Nxc4+ 20.Kd3 Ne5+ 21.Kd2 Qe3+ 22.Kd1
Nxg4 23.Ke1 Nf2 24.Bh7+ Kh8 25.Qc1 Qxc1+ 26.Rxc1 Nxh1 27.Be4 Nf2 28.Bg6 c5
{#R} 0-1

[Event "Ch Poland (team) (juniors) (under 20)"]
[Site "Straszetin (Poland)"]
[Round "0"]
[White "Szromba Krzysztof (POL)"]
[Black "Slezak Robert (POL)"]
[Result "1-0"]
[WhiteElo "2191"]
[BlackElo "2165"]

1.d4 d6 2.g3 g6 3.Bg2 Bg7 4.e4 c5 5.c3 cxd4 6.cxd4 Qb6 7.Ne2 Nc6 8.d5 Bxb2
9.Bxb2 Qxb2 10.dxc6 Qxa1 11.Qb3 Be6 12.Qxb7 Rc8 13.Nc3 Nf6 14.Kd2 O-O 15.Na3
Rb8 16.Rxa1 Rxb7 17.cxb7 {#r} 1-0

[Event "It (open)"]
[Site "Kilkenny (Ireland)"]
[Round "4"]
[White "Clarke Thomas (IRL)"]
[Black "Heidenfeld Mark (IRL)"]
[Result "0-1"]
[WhiteElo "2204"]
[BlackElo "2368"]

1.d4 d6 2.Bg5 f6 3.Bh4 e5 4.e3 Ne7 5.Nc3 c6 6.Be2 Nf5 7.Nf3 d5 8.dxe5 Nxh4
9.Nxh4 fxe5 10.Bg4 g6 11.Bxc8 Qxc8 12.Qf3 Qe6 13.Qg3 e4 14.Qc7 Nd7 15.g3 Bg7
16.Qxb7 Rb8 17.Qxa7 Rxb2 18.Ne2 O-O 19.O-O g5 20.Ng2 c5 21.Kh1 Qc6 22.Qa5 Rxc2
{#R} 0-1

[Event "It (open) "]
[Site "Pardubice (Czech Republic)"]
[Round "0"]
[White "Sitnik Igor (SLO)"]
[Black "Maslak Alexander (RUS)"]
[Result "1-0"]
[WhiteElo "2332"]
[BlackElo "2272"]

1.d4 d6 2.Nf3 Bg4 3.c4 Nd7 4.Qb3 Rb8 5.h3 Bxf3 6.Qxf3 g6 7.Nc3 Bg7 8.e3 e5
9.Qd1 Ne7 10.dxe5 dxe5 11.Be2 O-O 12.O-O c6 13.e4 Nc8 14.Be3 Qe7 15.Qa4 a6
16.b4 Re8 17.Rfd1 Nf8 18.b5 Qc7 19.bxa6 Nb6 20.Qa5 bxa6 21.Rab1 Nd5 22.Rxd5
{#r} 1-0

[Event "It (open)"]
[Site "Helsinki (Finland)"]
[Round "2"]
[White "Sorsa Miitrei (FIN)"]
[Black "Kiik Kalle (EST)"]
[Result "0-1"]
[WhiteElo "2056"]
[BlackElo "2438"]

1.d4 d6 2.Nf3 Bg4 3.e4 Nd7 4.Be3 Ngf6 5.Nc3 e6 6.Be2 Be7 7.O-O c6 8.Nd2 Bxe2
9.Qxe2 O-O 10.f4 e5 11.Nf3 Ng4 12.h3 Nxe3 13.Qxe3 Qb6 14.b3 Bf6 15.Rad1 exd4
16.Nxd4 Rfe8 17.Rfe1 g6 18.Na4 Qc7 19.c4 Re7 20.Qd3 Rae8 21.g3 a6 22.Rc1 Bg7
23.Kf1 Qa5 24.Re2 Qh5 25.g4 Qh6 26.g5 Qh4 {#R} 0-1

[Event "Cup European Club (final)"]
[Site "Belgrade (Yugoslavia)"]
[Round "2"]
[White "Tyomkin Dimitri (CAN)"]
[Black "Czerwonski Aleksander (POL)"]
[Result "1-0"]
[WhiteElo "2495"]
[BlackElo "2426"]

1.d4 d6 2.c4 e5 3.d5 g6 4.e4 Bg7 5.Bd3 Ne7 6.h4 Nd7 7.Nc3 f5 8.exf5 gxf5
9.Bxf5 Nxf5 10.Qh5+ Kf8 11.Qxf5+ Kg8 12.Nge2 Nc5 13.Qc2 Qf6 14.Ng3 Bd7 15.Be3
Rf8 16.Bxc5 dxc5 17.Nce4 Qe7 18.O-O-O Rf4 19.h5 Bh6 20.Kb1 Kg7 21.d6 cxd6
22.Rxd6 b6 23.Rhd1 Bc8 24.R1d5 Re8 25.Qd3 Qh4 26.Rd8 Rff8 27.Rxe8 Rxe8 28.Nd6
{#r} 1-0

[Event "It (open)"]
[Site "Chania (Greece)"]
[Round "9"]
[White "Simeonidis Ioannis (GRE)"]
[Black "Popchev Milko (BUL)"]
[Result "0-1"]
[WhiteElo "2269"]
[BlackElo "2498"]

1.d4 d6 2.Nf3 Bg4 3.c4 Bxf3 4.exf3 g6 5.Nc3 Bg7 6.Be3 e6 7.d5 Ne7 8.g4 Nd7
9.Qd2 e5 10.f4 h5 11.f3 exf4 12.Bxf4 Ne5 13.Qg2 c6 14.dxc6 bxc6 15.Rd1 Rb8
16.Bc1 Qa5 17.gxh5 Rxh5 18.f4 Nxc4 19.Bxc4 Bxc3+ 20.bxc3 Qxc3+ 21.Qd2 Qxc4
22.Qxd6 Qb4+ {#R} 0-1

[Event "It (open)"]
[Site "Teramo (Italy)"]
[Round "5"]
[White "Ausmins Elmar (ITA)"]
[Black "De Santis Alessio (ITA)"]
[Result "0-1"]
[WhiteElo "2261"]
[BlackElo "2352"]

1.d4 d6 2.c4 e5 3.d5 f5 4.Nc3 g6 5.e4 Nf6 6.Bd3 Bg7 7.Qc2 fxe4 8.Nxe4 Nxe4
9.Bxe4 Nd7 10.Nf3 Nc5 11.Bg5 Qd7 12.O-O-O Nxe4 13.Qxe4 Qa4 14.a3 Bf5 15.Qe2
O-O 16.Ne1 b5 17.g4 Bd7 18.h4 bxc4 19.f3 Rab8 20.Rh2 c3 21.bxc3 Qxa3+ 22.Kd2
e4 23.Qc4 Rb2+ 24.Nc2 Rxf3 25.Qxe4 Qxc3+ 26.Kc1 Rb1+ {#R} 0-1

[Event "It (open) "]
[Site "Swansea (Wales)"]
[Date "1999.09.11"]
[Round "2"]
[White "Morris Gareth (WLS)"]
[Black "Hodgson Julian M (ENG)"]
[Result "0-1"]
[WhiteElo "2160"]
[BlackElo "2605"]

1.d4 d6 2.Nf3 Bg4 3.e4 Nf6 4.Nc3 e6 5.Be2 Be7 6.Be3 O-O 7.Nd2 Bxe2 8.Qxe2 d5
9.e5 Nfd7 10.f4 c5 11.Nf3 Nc6 12.Qd2 Nb6 13.b3 cxd4 14.Nxd4 Bb4 15.a3 Ba5
16.Qd3 Rc8 17.Bd2 Nd7 18.Nde2 Nc5 19.Qf3 d4 20.Nb1 d3 21.b4 dxc2 {#R} 0-1

[Event "Cup Tenkes (open)"]
[Site "Harkany (Hungary)"]
[Date "1999.11.25"]
[Round "4"]
[White "Bajusz Gyorgy (HUN)"]
[Black "Fleuch Hans-Juergen (GER)"]
[Result "0-1"]
[WhiteElo "2033"]
[BlackElo "2135"]

1.d4 d6 2.Nf3 g6 3.Bf4 Bg7 4.e3 Nf6 5.Bd3 O-O 6.Nbd2 c5 7.c3 Nc6 8.dxc5 dxc5
9.Qc2 Nd5 10.Bg3 Ndb4 11.cxb4 Nxb4 12.Qb3 Qxd3 13.Qxd3 Nxd3+ 14.Ke2 Nxb2
15.Rab1 b6 16.e4 Ba6+ 17.Ke3 Nd3 18.Bh4 Rfe8 19.g4 e5 20.Bg3 Nb4 21.Rb2 Rad8
22.Ne1 Bh6+ 23.f4 exf4+ 24.Bxf4 Nd5+ 25.Kf3 Nxf4 26.h4 Nd3 {#R} 0-1

[Event "It (open) (a)"]
[Site "Dortmund (Germany)"]
[Round "9"]
[White "Mueller Thorsten (GER)"]
[Black "Mittelbachert Ulrich (GER)"]
[Result "1-0"]
[WhiteElo "2127"]
[BlackElo "2103"]

1.d4 d6 2.Nf3 g6 3.Bf4 Bg7 4.e3 Nd7 5.c3 e5 6.Bg3 Ne7 7.h3 O-O 8.Qb3 Nf5 9.Bh2
Qe7 10.g4 exd4 11.gxf5 dxe3 12.fxg6 hxg6 13.Bg2 Nc5 14.Qd1 Re8 15.Bf4 Bf5
16.Bxe3 Nd3+ 17.Kf1 Nxb2 18.Qb3 Bd3+ 19.Kg1 Nc4 20.Bf4 Qe4 21.Bg3 Bh6 22.Na3
Ne3 23.Re1 Re7 24.Nh4 Nxg2 25.Rxe4 Nxh4 26.Rxe7 Nf3+ 27.Kg2 {#r} 1-0

[Event "It (open)"]
[Site "Ljubljana (Slovenia)"]
[Round "2"]
[White "Gleizerov Evgeny (RUS)"]
[Black "Semrl Marjan (SLO)"]
[Result "1-0"]
[WhiteElo "2557"]
[BlackElo "2182"]

1.d4 d6 2.Nf3 Bg4 3.c4 Nd7 4.e4 e5 5.Be2 Be7 6.Ng1 Bxe2 7.Nxe2 exd4 8.Nxd4 Bf6
9.Nc3 Ne7 10.O-O O-O 11.Be3 c6 12.Rc1 Qc7 13.b3 Rfe8 14.Qd2 Rad8 15.Rfd1 Qa5
16.f3 Qh5 17.Nde2 Nc8 18.Ng3 Qe5 19.Nf5 Ndb6 20.Ne2 d5 21.Bd4 Qe6 22.Nf4 Bxd4+
23.Qxd4 Qd7 {#r} 1-0

[Event "It (open)"]
[Site "Nice (France)"]
[Round "4"]
[White "Csonkics Tunde (HUN)"]
[Black "Agrest Evgenij (SWE)"]
[Result "0-1"]
[WhiteElo "2232"]
[BlackElo "2554"]

1.d4 d6 2.c4 e5 3.dxe5 dxe5 4.Qxd8+ Kxd8 5.Nc3 c6 6.Nf3 f6 7.b3 Kc7 8.Bb2 Nh6
9.e3 Be6 10.Be2 Na6 11.O-O Nf7 12.h3 Nc5 13.b4 Nd7 14.c5 Be7 15.Nd2 Rhd8
16.Nc4 b6 17.cxb6+ Nxb6 18.Nxb6 axb6 19.a3 Rd2 20.Rab1 Bf5 {#R} 0-1

[Event "It (open)"]
[Site "Lisbon (Portugal)"]
[Round "3"]
[White "Barbero Gerardo F (ARG)"]
[Black "Ribeiro Fernando (POR)"]
[Result "1-0"]
[WhiteElo "2445"]
[BlackElo "2202"]

1.d4 d6 2.Nf3 Bg4 3.c4 e5 4.dxe5 Nc6 5.exd6 Bxd6 6.Nc3 Nf6 7.a3 Qe7 8.Bg5 Bxf3
9.gxf3 Qe5 10.f4 Qa5 11.Bxf6 gxf6 12.e3 O-O-O 13.Bd3 Bxf4 14.exf4 Rhe8+ 15.Kf1
Nd4 16.Nb5 Qb6 17.Nxd4 Rxd4 18.Qc2 Rxf4 19.Rg1 Qe6 20.Rg3 h5 21.Qd2 Qd6 22.c5
Qd4 23.Bf5+ Kb8 24.Rd3 {#r} 1-0

[Event "It (open)"]
[Site "Lisbon (Portugal)"]
[Round "2"]
[White "Carneiro Carlos (POR)"]
[Black "Oratovsky Michael (ISR)"]
[Result "0-1"]
[WhiteElo "2177"]
[BlackElo "2486"]

1.d4 d6 2.c4 e5 3.d5 a5 4.Nc3 Be7 5.g3 f5 6.Nf3 Nf6 7.Bg2 O-O 8.O-O Na6 9.Rb1
Bd7 10.b3 Qe8 11.a3 Nc5 12.Be3 Nce4 13.Bd2 Qh5 14.Ne1 Nxd2 15.Qxd2 f4 16.Ne4
Bf5 17.Nxf6+ Rxf6 18.Rc1 Rh6 19.h4 Bxh4 20.gxh4 Bg4 {#R} 0-1

[Event "It (cat.1)"]
[Site "Bucharest (Romania)"]
[Round "8"]
[White "Vioreanu Bogdan-Gabriel (ROM)"]
[Black "Jianu Vlad-Cristian (ROM)"]
[Result "0-1"]
[WhiteElo "2280"]
[BlackElo "2293"]

1.d4 d6 2.c4 Nd7 3.Bg5 c6 4.Qd2 Qb6 5.Nc3 e5 6.Nf3 h6 7.Bh4 g5 8.Bg3 g4 9.dxe5
gxf3 10.exd6 fxg2 11.Bxg2 Bg7 12.O-O Qd4 13.Qc2 Ngf6 14.e4 Nh5 15.Rad1 Qxc4
16.Bh4 Nf4 17.Be7 Bxc3 18.Kh1 Rg8 19.Rg1 Ne5 20.bxc3 Bg4 21.Rd4 Qe6 22.Qb1 b6
{#R} 0-1

[Event "It (cat.7)"]
[Site "Budapest (Hungary)"]
[Round "13"]
[White "Szeberenyi Adam (HUN)"]
[Black "Vadasz Laszlo (HUN)"]
[Result "1-0"]
[WhiteElo "2357"]
[BlackElo "2301"]

1.d4 d6 2.c4 g6 3.Nc3 Bg7 4.Nf3 Bg4 5.e4 Bxf3 6.gxf3 Nc6 7.Be3 e5 8.d5 Nd4
9.Nb5 Nxb5 10.cxb5 Bh6 11.Bxh6 Nxh6 12.Qc1 Ng8 13.Qc2 Qd7 14.Rc1 Rc8 15.h4 Ne7
16.h5 O-O 17.hxg6 fxg6 18.Bh3 Qxb5 19.Qd2 {#r} 1-0

[Event "Ch Ukraine"]
[Site "Sevastopol (Russia)"]
[Round "6"]
[White "Rakhmangulov Andrei (UKR)"]
[Black "Tkachenko Dmitri (UKR)"]
[Result "1-0"]
[WhiteElo "2401"]
[BlackElo "2263"]

1.d4 d6 2.Bf4 Nf6 3.c3 c6 4.h3 Bf5 5.e3 Nbd7 6.Nf3 Qc7 7.Be2 e5 8.Bh2 Be7
9.O-O O-O 10.a4 a5 11.Na3 Ne8 12.Nc4 f6 13.Nh4 Be6 14.e4 d5 15.exd5 cxd5
16.Ne3 f5 17.Nhxf5 Bxf5 18.Nxd5 Qd8 19.dxe5 Bc5 20.b4 Bb6 21.Bb5 Nc7 22.Bxd7
Nxd5 23.Qxd5+ Kh8 24.Rad1 Bxd7 25.Qxd7 Bxf2+ 26.Rxf2 Qb6 27.Qd4 Rad8 {#r} 1-0

[Event "Zt"]
[Site "Mondariz (Spain)"]
[Round "6"]
[White "McMahon Daire (IRL)"]
[Black "Fernando Diogo (POR)"]
[Result "0-1"]
[WhiteElo "2246"]
[BlackElo "2257"]

1.d4 d6 2.c4 e5 3.d5 f5 4.Nc3 Nf6 5.g3 g6 6.Bg2 Bg7 7.e3 O-O 8.Nge2 Nbd7 9.Rb1
e4 10.O-O Ne5 11.b3 g5 12.Nd4 Nd3 13.Bd2 Ng4 14.Ne6 Bxe6 15.dxe6 Nge5 16.Nd5
Re8 17.g4 Nxg4 18.Bxe4 Ndxf2 19.Qf3 Nxe4 20.Qxf5 Nxd2 21.Qxg4 Nxf1 22.Rxf1 c6
23.Rf7 cxd5 {#R} 0-1

[Event "It (open)"]
[Site "Abudhabi (United Arab Emirates)"]
[Round "9"]
[White "Faisal Kashwani (UAE)"]
[Black "Ali Mohamad Nour Kara (SYR)"]
[Result "1-0"]
[WhiteElo "2029"]
[BlackElo "2211"]

1.d4 d6 2.c4 Nd7 3.Nc3 e5 4.Nf3 c6 5.e4 Ne7 6.Be2 Ng6 7.Be3 Be7 8.O-O O-O
9.Qd2 Nf6 10.h3 h6 11.Rfd1 Qc7 12.Rab1 Re8 13.d5 a5 14.c5 Rd8 15.cxd6 Bxd6
16.Rbc1 Bb4 17.a3 Nxe4 18.Qc2 Nxc3 19.bxc3 Bxa3 20.Rb1 Rxd5 21.Bc4 Rxd1+
22.Rxd1 Nf8 23.Qe4 Bd6 24.Rxd6 Qxd6 25.Nxe5 Be6 {#r} 1-0

[Event "Bundesliga (2nd) East 1999/00"]
[Site "Germany"]
[Round "5"]
[White "Zude Erik Dr (GER)"]
[Black "Lorenz Gerd (GER)"]
[Result "1-0"]
[WhiteElo "2326"]
[BlackElo "2341"]

1.d4 d6 2.Nc3 Nf6 3.Nf3 Bg4 4.e4 e6 5.Be2 Be7 6.Be3 Nfd7 7.Qd2 O-O 8.O-O-O Nb6
9.h3 Bxf3 10.gxf3 d5 11.h4 Nc6 12.e5 f5 13.Bg5 a6 14.Rhg1 Kh8 15.Rg2 Rf7 16.f4
Qf8 17.Nb1 Nc4 18.Bxc4 dxc4 19.Qe2 b5 20.Nc3 Bb4 21.Qf3 Qe8 22.d5 Bxc3 23.dxc6
Bb4 24.Rd7 Rb8 25.Qh5 g6 26.Bf6+ Kg8 27.Rxg6+ {#r} 1-0

[Event "Ch Sweden (team) 1999/00"]
[Site "Sweden"]
[Round "7"]
[White "Svensson Sven (SWE)"]
[Black "Agrest Evgenij (SWE)"]
[Result "0-1"]
[WhiteElo "2228"]
[BlackElo "2554"]

1.d4 d6 2.Nf3 g6 3.g3 Bg4 4.Bg2 Qc8 5.c4 Bg7 6.Nc3 Bh3 7.O-O Bxg2 8.Kxg2 Nd7
9.e4 e6 10.Be3 Ne7 11.Qd2 h6 12.b4 Nf6 13.c5 dxc5 14.bxc5 Ng4 15.Rab1 O-O
16.Nb5 f5 17.exf5 Nxf5 18.Bf4 g5 19.Be5 Nxe5 20.dxe5 a6 21.Na3 Qe8 22.c6 Qxc6
23.Rfc1 Nh4+ 24.gxh4 Qxf3+ 25.Kg1 {#R} 0-1

[Event "It (open)"]
[Site "Avoine (France)"]
[Round "3"]
[White "Leroy Didier (FRA)"]
[Black "Frick Christoph (GER)"]
[Result "1-0"]
[WhiteElo "2378"]
[BlackElo "2169"]

1.d4 d6 2.Nf3 Bg4 3.c4 Bxf3 4.exf3 g6 5.Nc3 c6 6.d5 Bg7 7.g3 Nd7 8.f4 Nh6 9.h4
Qb6 10.Bh3 Nc5 11.O-O Qa6 12.Re1 Qxc4 13.dxc6 bxc6 14.Qxd6 O-O 15.Qxc6 e6
16.Re4 Qxe4 17.Nxe4 Rac8 18.Qxc5 {#r} 1-0

[Event "It (open)"]
[Site "Kleve (Germany)"]
[Round "5"]
[White "Csomos Roland (HUN)"]
[Black "Schlefing Heinz (GER)"]
[Result "0-1"]
[WhiteElo "2293"]
[BlackElo "2097"]

1.d4 d6 2.c4 e5 3.dxe5 dxe5 4.Qxd8+ Kxd8 5.Nc3 c6 6.Bg5+ f6 7.O-O-O+ Kc7 8.Bh4
Be6 9.e3 Ne7 10.Nf3 Nf5 11.Be2 Nd7 12.Bg3 h5 13.e4 Nxg3 14.hxg3 Bc5 15.Rhf1 g5
16.Na4 Be7 17.Nd2 h4 18.g4 a6 19.Nc3 Bc5 20.Nb3 Bb4 21.Kc2 Be7 22.a3 Nc5
23.Nxc5 Bxc5 24.b4 Bd4 25.f3 b5 26.c5 a5 27.Rb1 axb4 28.axb4 Ra3 {#R} 0-1

[Event "Ch Azerbaijan (team) (active)"]
[Site "Baku (Azerbaijan)"]
[Round "0"]
[White "Bagirov Rufat (AZE)"]
[Black "Guseinov Gadir (AZE)"]
[Result "1-0"]
[WhiteElo "2471"]
[BlackElo "2421"]

1.d4 d6 2.c4 e5 3.Nf3 e4 4.Ng5 f5 5.g3 Be7 6.Nh3 c6 7.d5 Nd7 8.Nc3 Ne5 9.b3
Bf6 10.Bb2 Qe7 11.Bg2 Nh6 12.O-O O-O 13.f3 exf3 14.exf3 Nxc4 15.bxc4 Bxc3
16.Bxc3 Qe3+ 17.Nf2 Qxc3 18.dxc6 Qxc4 19.Rc1 Qxa2 20.f4 Be6 21.cxb7 Rad8
22.Re1 Bf7 23.Qd4 d5 24.Nd3 Ng4 25.h3 Nf6 26.Ne5 Qa6 {#r} 1-0

[Event "It (open)"]
[Site "Mancha (Spain)"]
[Round "2"]
[White "Baron Rodriguez Jorge (ESP)"]
[Black "Martos Exposito Manuel (ESP)"]
[Result "1-0"]
[WhiteElo "2251"]
[BlackElo "2016"]

1.d4 d6 2.Nf3 Bg4 3.c4 e5 4.dxe5 Nc6 5.exd6 Bxd6 6.g3 Qe7 7.Bg2 Rd8 8.Qa4 Nf6
9.O-O O-O 10.Nc3 Rfe8 11.Bg5 Qe6 12.Nd5 Be7 13.Nxc7 Qxe2 14.Rfe1 Qxb2 15.Rab1
Qc3 16.Re3 Rd3 17.Nxe8 Bxf3 18.Bxf3 Ne4 19.Bxe4 {#r} 1-0

[Event "Cup Doeberl"]
[Site "Canberra (Australia)"]
[Round "2"]
[White "Smirnov Vladimir S (RUS)"]
[Black "Valenti Richard (FRA)"]
[Result "1-0"]
[WhiteElo "2254"]
[BlackElo "2157"]

1.d4 d6 2.Nf3 Bg4 3.e4 Nf6 4.Nc3 e6 5.h3 Bh5 6.Bf4 c6 7.Bd3 Be7 8.Qe2 Qb6
9.O-O-O Bxf3 10.Qxf3 Qxd4 11.Nb5 Qa4 12.Nc7+ Kd7 13.Nxa8 Qxa2 14.c3 Qa5 15.Bb1
Na6 16.Bxd6 Bxd6 17.e5 Ke7 18.exf6+ gxf6 19.Rxd6 Kxd6 20.Qxf6 Rxa8 21.Qxf7 Kc5
22.Qxb7 Rb8 23.b4+ Nxb4 24.cxb4+ Kc4 25.Qxc6+ Kxb4 26.Qd6+ Ka4 27.Qxb8 Qc3+
28.Bc2+ {#r} 1-0

[Event "Ch Israel (team)"]
[Site "Israel"]
[Round "11"]
[White "Birnboim Nathan (ISR)"]
[Black "Oratovsky Michael (ISR)"]
[Result "0-1"]
[WhiteElo "2387"]
[BlackElo "2486"]

1.d4 d6 2.Nc3 Nf6 3.Bg5 Nbd7 4.e4 e5 5.f4 h6 6.Bxf6 Qxf6 7.Nf3 Qxf4 8.Be2 c6
9.O-O Qe3+ 10.Kh1 exd4 11.Nxd4 Ne5 12.Ndb5 cxb5 13.Nd5 Qxe4 14.Rf4 Qg6 15.Nc7+
Kd8 16.Nxa8 Bd7 17.Qd4 Nc6 18.Qf2 Qxc2 19.Rxf7 Be7 20.Rd1 Re8 21.Rxg7 Kc8
22.h3 Kb8 23.Qe1 Qxb2 24.Qg3 Qxe2 {#R} 0-1